EXPERIMENTAL IN MICROBIOLOGY PLANT PATHOLOGY TISSUE CULTURE (Record no. 15770)
[ view plain ]
| 000 -LEADER | |
|---|---|
| fixed length control field | 00331nam a22001457a 4500 |
| 003 - CONTROL NUMBER IDENTIFIER | |
| control field | SGT |
| 020 ## - INTERNATIONAL STANDARD BOOK NUMBER | |
| International Standard Book Number | 9789386418302 |
| 082 ## - DEWEY DECIMAL CLASSIFICATION NUMBER | |
| Classification number | 630 |
| Item number | ANE |
| 100 ## - MAIN ENTRY--PERSONAL NAME | |
| Personal name | ANEJA. K.R |
| 245 ## - TITLE STATEMENT | |
| Title | EXPERIMENTAL IN MICROBIOLOGY PLANT PATHOLOGY TISSUE CULTURE |
| 250 ## - EDITION STATEMENT | |
| Edition statement | 5TH |
| 260 ## - PUBLICATION, DISTRIBUTION, ETC. (IMPRINT) | |
| Name of publisher, distributor, etc | NEW AGE PUB. |
| Year of Publication | 2018 |
| 300 ## - PAGE DESCRIPTION | |
| No. of Pages | 580 |
| 942 ## - ADDED ENTRY ELEMENTS (KOHA) | |
| Source of classification or shelving scheme | Dewey Decimal Classification |
| Koha item type | Books |
No items available.